Normal view
MARC view
- Hardiman, David
Entry Personal Name
001 - CONTROL NUMBER
- control field: 108752
003 - CONTROL NUMBER IDENTIFIER
- control field: NUST
005 - DATE AND TIME OF LATEST TRANSACTION
- control field: 20230209090021.0
008 - FIXED-LENGTH DATA ELEMENTS
- fixed length control field: 230209|| aca||aabn | a|a d
040 ## - CATALOGING SOURCE
- Original cataloging agency: NUST
- Transcribing agency: NUST
100 ## - HEADING--PERSONAL NAME
- Personal name: Hardiman, David
670 ## - SOURCE DATA FOUND
- Source citation: Work cat.: (NUST)187473: Hardiman, David, Gandhi in His Time And Ours /
